Tčnica de la perencin̤ o caducidad de instancia

Bibliographic Details
Main Author: Carranza Torres, Luis R.
Format: eBook
Language:Spanish
Published: Cr̤doba: Alveroni Ediciones, 2008
Subjects:
Online Access:Acceso restringido

MARC

LEADER 00000nam a22000007a 4500
005 20140501221144.0
007 cr|||| ||||
008 140501s2008 ar |||||s|||| 00||0 spa d
020 |a 978-987-643-006-7 
035 |a 12029 
040 |a vLex 
090 |c 4883  |d 4883 
100 1 |a Carranza Torres, Luis R. 
245 1 0 |a Tčnica de la perencin̤ o caducidad de instancia  |h [Recurso electrn̤ico] /  |c Luis R. Carranza Torres 
256 |a Servicio en ln̕ea 
260 |a Cr̤doba:  |b Alveroni Ediciones,  |c 2008 
300 |a 1 recurso electrn̤ico 
506 1 |a Disponible solo en los productos indicados  |d vLex Global  |d vLex Global (Academic Edition, excluding Law Schools)  |d vLex Global (U.S. Academic Edition, Law Schools)  |d vLex Global (U.S. Academic Edition, excluding Law Schools)  |d vLex Global (Academic Edition, Law Schools) 
650 0 4 |a Derecho Procesal  |z Argentina 
740 0 |a vLex Libros (Servicio en ln̕ea) 
856 4 0 |u http://vlex.com/source/tecnica-perencion-o-caducidad-instancia-12029  |z Acceso restringido 
942 |c BOOK 
999 0 |a Litigation